000
00188 a2200097 4500
020
_a
9780345538987
041
_a
eng
100
_a
Crichton, Michael
245
_a
Jurassic Park
942
_c
BK
999
_c
11283
_d
11283